Presencia de Dios y comunión con Dios en el Antiguo Testamento (Registro nro. 69555)
[ vista simple ]
| 000 -LÍDER | |
|---|---|
| Campo fijo de descripción fija | 01346nab a2200217 i 4500 |
| 001 - NÚMERO DE CONTROL | |
| Campo de control | 768714001 |
| 003 - IDENTIFICADOR DEL NÚMERO DE CONTROL | |
| Campo de control | CO-MdFUSB |
| 005 - FECHA Y HORA DE LA ULTIMA TRANSACCIÓN | |
| control field | 20240507131134.0 |
| 008 - ELEMENTOS DE LONGITUD FIJA -- INFORMACIÓN GENERAL | |
| Campo fijo de descripción fija -- Información general | 240507t1968 sp ||||| |||| 00| 0 spa d |
| 040 ## - FUENTE DE CATALOGACIÓN | |
| Idioma de catalogación | spa |
| Agencia que realiza la transcripción | CO-MdFUSB |
| Agencia que realiza la modificación | CO-MdFUSB |
| 041 ## - CÓDIGO DE IDIOMA | |
| Código de idioma para texto/pista de sonido o título separado | spa |
| 100 ## - ASIENTO PRINCIPAL--NOMBRE PERSONAL | |
| Nombre personal | Grelot, Pierre, |
| Término relacionador | autor |
| 245 ## - TÍTULO | |
| Título | Presencia de Dios y comunión con Dios en el Antiguo Testamento |
| Mención de responsabilidad | / Pierre Grelot |
| 520 ## - NOTA DE RESUMEN, ETC. | |
| Nota de sumario, etc. | Las cuestiones religiosas tienen una naturaleza existencial que no se centra en conceptos de Dios o sobre Su existencia, sino más bien en experimentar su presencia a través de algún signo inequívoco. Aunque el hombre está hecho a imagen de Dios, su existencia a través de la razón evolucionó bajo la marca del pecado, como lo demuestran ambos testamentos. Por tanto, la presencia de Dios ya no le es directamente perceptible a través de la creación, que debería ser su manifestación transparente, y la comunión con Dios no puede ser objeto de experiencia racional según la medida de sus esfuerzos. |
| 650 #0 - ASIENTO SECUNDARIO DE MATERIA - TERMINO TEMÁTICO | |
| Término temático o nombre geográfico como elemento de entrada | Biblia |
| 9 (RLIN) | 16 |
| 650 #0 - ASIENTO SECUNDARIO DE MATERIA - TERMINO TEMÁTICO | |
| Término temático o nombre geográfico como elemento de entrada | Comunión |
| 9 (RLIN) | 1156 |
| 650 #7 - ASIENTO SECUNDARIO DE MATERIA - TERMINO TEMÁTICO | |
| Término temático o nombre geográfico como elemento de entrada | Dios |
| 9 (RLIN) | 178 |
| 773 0# - ASIENTO DE ITEM FUENTE | |
| Biblionumber | 49450 |
| Itemnumber | 82600 |
| Otro identificador del ítem | R2530 |
| Título | Revista internacional de teología Concilium |
| Número de control del registro | (CO-MdFUSB)8 |
| Número Internacional Normalizado para Publicaciones Seriadas (ISSN) | 0210-1041 |
| Parte(s) relacionada(s) / Volumen., número. (mes año), páginas | Número 40, (diciembre, 1968), páginas: 521 - 535 |
| Enumeración y primera página | página: 521 |
| 942 ## - TIPO DE MATERIAL (KOHA) | |
| Tipo de Item KOHA | Artículos de Revista |
| 945 ## - INFORMACIÓN LOCAL DEL REGISTRO | |
| Catalogador | Catherine Arias Alvarez - Practicante SENA |
No hay ítems disponibles.
